| 000 | 00682nam a22002411c 4500 | ||
|---|---|---|---|
| 001 | a987679899 | ||
| 008 | 170418s1950 gw |||| 000u ger d | ||
| 041 | _ager | ||
| 100 | 1 | _aSmith, Walter Bedell | |
| 240 | 1 | 0 | _aMy three Years in Moscow |
| 245 | 0 | 0 |
_aMeine drei Jahre in Moskau / _cAutor. Übertr. aus d. Amerikan. von Werner G. Krug |
| 264 |
_aHamburg : _bHoffmann und Campe, _c1950 |
||
| 300 | _a468 S. | ||
| 600 | 0 | _aSmith, Walter Bedell | |
| 600 | 0 | _aStalin, Iosif V. | |
| 650 | 0 | _aAußenpolitik | |
| 651 | 0 | _aMoskau | |
| 651 | 0 | _aSowjetunion | |
| 700 | 1 |
_aKrug, Werner Gerhard _eUebersetzerIn |
|
| 942 | _cMG | ||
| 040 | _cRU-10907106 | ||
| 003 | RU-10907106 | ||
| 999 |
_c24105 _d24105 |
||